Chetan Bhagat : (Record no. 82416)

MARC details
000 -LEADER
fixed length control field 00589nam a22001937a 4500
005 - DATE AND TIME OF LATEST TRANSACTION
control field 20140422104336.0
010 ## - LCCN (DPL NO)
LC control number ENG-109263
020 ## - INTERNATIONAL STANDARD BOOK NUMBER
International Standard Book Number 9789382532224
Terms of availability 700.00
035 ## - SYSTEM CONTROL NUMBER
System control number EN-92796
037 ## - SOURCE OF ACQUISITION
Source of stock number/acquisition DBAD/PUB
082 ## - DEWEY DECIMAL CLASSIFICATION NUMBER
Classification number 823.9209
100 ## - MAIN ENTRY--PERSONAL NAME
Personal name Agarwal, Beena
245 ## - TITLE STATEMENT
Title Chetan Bhagat :
Statement of responsibility, etc by Beena Agarwal
Remainder of title a voice of seismic shift in Indian English fiction /
250 ## - EDITION STATEMENT
Edition statement
260 ## - PUBLICATION, DISTRIBUTION, ETC. (IMPRINT)
Place of publication, distribution, etc Jaipur
Name of publisher, distributor, etc Yking Books
Date of publication, distribution, etc 2013
270 ## - ADDRESS
Address 18, Jain Bhawan, Opp. N.B.C., Shanti Nagar
City Jaipur
Postal code 302006
300 ## - PHYSICAL DESCRIPTION
Extent v,174p.
Dimensions 22cm(Hb)
942 ## - ADDED ENTRY ELEMENTS (KOHA)
Source of classification or shelving scheme Dewey Decimal Classification
Item type English Books
Call number suffix AGA
Classification part 823.9209
Holdings
Withdrawn status Lost status Not for loan Collection code Home library Current library Date acquired Source of acquisition Cost, normal purchase price Full call number Barcode Copy number Cost, replacement price Koha item type
    Not For Loan Non-fiction D.B.Act.Division D.B.Act.Division 10/02/2014 DBAD/PUB 700.00 823.9209 AGA EN-92796 1 700.00 English Books

© Delhi Public Library
Hit Counter
free hit counter